BIBLIOTECA PODER JUDICIAL
Portal Judicial TDF

El contrato de claque y sus variantes : (Registro nro. 5517)

000 -LEADER
fixed length control field 01355nab a22002297a 4500
003 - CONTROL NUMBER IDENTIFIER
control field OSt
005 - DATE AND TIME OF LATEST TRANSACTION
control field 20251210154745.0
008 - FIXED-LENGTH DATA ELEMENTS--GENERAL INFORMATION
fixed length control field 190604e xxu||||| |||| 00| 0 spa d
040 ## - CATALOGING SOURCE
Transcribing agency PJ
100 ## - MAIN ENTRY--PERSONAL NAME
9 (RLIN) 1712
Personal name Leiva Fernandez, Luis F. P.
245 13 - TITLE STATEMENT
Title El contrato de claque y sus variantes :
Remainder of title tanática, recreativa o requirente /
Statement of responsibility, etc Luis F. P. Leiva Fernández.
260 ## - PUBLICATION, DISTRIBUTION, ETC. (IMPRINT)
Place of publication, distribution, etc Ciudad Autónoma de Buenos Aires :
Name of publisher, distributor, etc Thomson Reuters La Ley,
Date of publication, distribution, etc 2025.
300 ## - PHYSICAL DESCRIPTION
Extent p. 37-48
500 ## - GENERAL NOTE
General note Cita Online: TR LALEY AR/DOC/1711/2025.<br/>
505 ## - FORMATTED CONTENTS NOTE
Formatted contents note Sumario: I. Método de este ensayo.— II. Uso histórico del contrato de claque tanática.— III. El contrato de claque tanática. Su uso en entierros y velatorios.— IV. El contrato de claque recreativa.— V. El contrato de claque requirente. Su uso actual y contraprestación.— VI. Mi concepto del contrato de claque.— VII. Relaciones jurídicas en torno del contrato de claque.— VIII. Algunas conclusiones.<br/><br/>
505 ## - FORMATTED CONTENTS NOTE
Title ¿Te interesa el texto completo? Solicitalo al correo: koha@justierradelfuego.gov.ar
650 #0 - SUBJECT ADDED ENTRY--TOPICAL TERM
9 (RLIN) 1497
Topical term or geographic name as entry element CODIGO CIVIL Y COMERCIAL
650 #0 - SUBJECT ADDED ENTRY--TOPICAL TERM
9 (RLIN) 3463
Topical term or geographic name as entry element CONTRATOS
650 #0 - SUBJECT ADDED ENTRY--TOPICAL TERM
Topical term or geographic name as entry element CONDUCTA CONTRACTUAL
773 0# - HOST ITEM ENTRY
Host Biblionumber 2714
Host Itemnumber 3171
Place, publisher, and date of publication Ciudad Autónoma de Buenos Aires : Thomson Reuters La Ley, 2014-
Title Revista anales de legislación argentina. Nº 10- Octubre 2025.
942 ## - ADDED ENTRY ELEMENTS (KOHA)
Source of classification or shelving scheme
Koha item type Analítica Artículo de Revista

No hay ítems disponibles.

12 de Octubre 789 Ushuaia - Tel:  54(02901)441571
Horario de Atención: 8.00 a 17.00 hs. 
bibliotecaush@justierradelfuego.gov.ar
koha@justierradelfuego.gov.ar
Seguinos en nuestras redes @bibliojustdf 

Con tecnología Koha